000 00697nam a2200289Ia 4500
005 20260324134424.0
008 008 260324s9999 xx 000 0 eng d
020 _a9781315124858
037 _aEBOOK
040 _aCRL
040 _beng
040 _cCRL
041 _2eng
041 _aeng
084 _qCRL
100 _aYaa P.A. Oppong
_91196754
245 0 _aMoving Through and Passing On
245 0 _bFulani Mobility, Survival and Identity in Ghana
260 _bTaylor and Francis
260 _c2002
365 _a
365 _b230
856 _uhttp://www.taylorfrancis.com/books/9781315124858
942 _cEBOOK
999 _c1796836
_d1796836